=LDR 00000nam 2200000 4500 =001 INLIS00000000000122 =005 20260702043538 =020 ##$$a 978-623-7764-11-3 =082 ##$$a 026.627 =100 1#$$a Slamet, Doni =245 1 $$a Wirausaha Desa Pesisir Unggul Budidaya Kerang Laut /$c Doni Slamet =300 ##$$a 60 ; 14,5 x 21 cm